| 000 | 00478nam a2200181Ia 4500 | ||
|---|---|---|---|
| 005 | 20260429112254.0 | ||
| 008 | 260429s9999||||xx |||||||||||||| ||und|| | ||
| 020 | _a9780300283259 | ||
| 041 | _aEnglish | ||
| 082 |
_a909 _bGOM |
||
| 100 | _aGombrich, E. H. | ||
| 245 | 0 |
_aLittle history of the world / _cE. H. Gombrich |
|
| 250 | _a1st ed. | ||
| 260 |
_aNew Haven : _bYale University Press, _c2025. |
||
| 300 | _axvii, 284 p.; pbk | ||
| 650 | _aWorld history | ||
| 942 | _cTB | ||
| 999 |
_c53240 _d53240 |
||